Há sempre uma estrela no Natal (Registo nº 51342)

Detalhes MARC
000 -Etiqueta do registo
campo de controlo de comprimento fixo 017100000a22003970004500
001 - Identificador do registo
Campo de controlo 51342
010 ## - ISBN
Número (ISBN) 978-972-26-2302-5
021 ## - Nº depósito legal
Código do país Portugal
Número 241609/06
100 ## - Dados Gerais de Proc.
Dados gerais de processamento 20120510d2008 a||y0pory5003 ba
101 0# - Língua da publicação
Língua do texto, banda sonora, etc. Português
102 ## - País de Publicação
País de publicação Portugal
200 1# - Título
Título próprio Há sempre uma estrela no Natal
Primeira menção de responsabilidade Luísa Ducla Soares
Outras menções de responsabilidade il. Fátima Afonso
210 ## - Publicação, Distribuição
Lugar da edição, distribuição, etc. Porto
Nome do editor, distribuidor, etc. Civilização
Data da publicação, distribuição, etc. 2006
215 ## - Descrição física
Descrição física [44] p.
Outras indicações físicas il.
300 ## - Notas gerais
Texto da nota Livro recomendado PNL
606 ## - Nome comum
Koha Internal code 2112
Elemento de entrada Literatura infanto-juvenil
Subdivisão de assunto Conto
675 ## - CDU
Notação 821.134.3-34
Edição BN
Língua da edição Português
675 ## - CDU
Notação 821.134.3-93
Edição BN
Língua da edição Português
700 #1 - Responsabilidade principal
Koha Internal Code 43572
Palavra de ordem Soares
Outra parte do nome Luísa Ducla
Datas 1939-
702 #1 - Responsabilidade secundária
Koha Internal Code 6052
Código de função Ilustrador
Palavra de ordem Afonso
Outra parte do nome Fátima
801 ## - Fonte de origem
País Portugal
Agência BN
Data da última transacção 20120510
090 ## - Números de controlo do sistema (Koha)
Número biblioitem do Koha (gerado automaticamente) 51342
942 ## - Elementos de entrada adicionados (Koha)
Tipo de item no Koha Monografias
Suprimido Disponível no OPAC
999 ## - Campo local
Campo local 51342
Exemplares
Removido (estado) Perdido (estado) Data de aquisição Origem do registo (biblioteca) (codificado) Código da organização que empresta ou é detentora (biblioteca) Localização da prateleira Código de barras Número de inventário Cota Tipo de circulação (não pode ser emprestado) Tipo de item e material
Disponível Disponível 2012-05-10 Biblioteca EB23 D. Paio Peres Correia Biblioteca EB23 D. Paio Peres Correia Plano Nacional de Leitura – 2.º Ciclo BEBDPPC6000 6000 82-34 SOA Normal Monografias
Disponível Disponível 2012-05-10 Biblioteca EB23 D. Paio Peres Correia Biblioteca EB23 D. Paio Peres Correia Plano Nacional de Leitura – 2.º Ciclo BEBDPPC6001 6001 82-34 SOA Normal Monografias
Disponível Disponível 2012-05-10 Biblioteca EB23 D. Paio Peres Correia Biblioteca EB23 D. Paio Peres Correia Plano Nacional de Leitura – 2.º Ciclo BEBDPPC6002 6002 82-34 SOA Normal Monografias
Disponível Disponível 2012-05-10 Biblioteca EB23 D. Paio Peres Correia Biblioteca EB23 D. Paio Peres Correia Plano Nacional de Leitura – 2.º Ciclo BEBDPPC6003 6003 82-34 SOA Normal Monografias
Disponível Disponível 2012-05-10 Biblioteca EB23 D. Paio Peres Correia Biblioteca EB23 D. Paio Peres Correia Plano Nacional de Leitura – 2.º Ciclo BEBDPPC6004 6004 82-34 SOA Normal Monografias
Disponível Disponível 2012-05-10 Biblioteca EB23 D. Paio Peres Correia Biblioteca EB23 D. Paio Peres Correia Plano Nacional de Leitura – 2.º Ciclo BEBDPPC6005 6005 82-34 SOA Normal Monografias
Disponível Disponível 2012-05-10 Biblioteca EB23 D. Paio Peres Correia Biblioteca EB23 D. Paio Peres Correia Plano Nacional de Leitura – 2.º Ciclo BEBDPPC6006 6006 82-34 SOA Normal Monografias
Danificado Em falta 2012-05-10 Biblioteca EB23 D. Paio Peres Correia Biblioteca EB23 D. Paio Peres Correia Plano Nacional de Leitura – 2.º Ciclo BEBDPPC6007 6007 82-34 SOA Normal Monografias
Disponível Disponível 2012-05-10 Biblioteca EB23 D. Paio Peres Correia Biblioteca EB23 D. Paio Peres Correia Plano Nacional de Leitura – 2.º Ciclo BEBDPPC6008 6008 82-34 SOA Normal Monografias
Disponível Disponível 2012-05-10 Biblioteca EB23 D. Paio Peres Correia Biblioteca EB23 D. Paio Peres Correia Plano Nacional de Leitura – 2.º Ciclo BEBDPPC6009 6009 82-34 SOA Normal Monografias
Disponível Disponível 2012-05-10 Biblioteca EB23 D. Paio Peres Correia Biblioteca EB23 D. Paio Peres Correia Plano Nacional de Leitura – 2.º Ciclo BEBDPPC6010 6010 82-34 SOA Normal Monografias
Disponível Disponível 2012-05-10 Biblioteca EB23 D. Paio Peres Correia Biblioteca EB23 D. Paio Peres Correia Plano Nacional de Leitura – 2.º Ciclo BEBDPPC6011 6011 82-34 SOA Normal Monografias
Disponível Disponível 2012-05-10 Biblioteca EB23 D. Paio Peres Correia Biblioteca EB23 D. Paio Peres Correia Plano Nacional de Leitura – 2.º Ciclo BEBDPPC6012 6012 82-34 SOA Normal Monografias
Disponível Disponível 2021-04-12 Biblioteca EB23 D. Paio Peres Correia Biblioteca EB23 D. Paio Peres Correia Plano Nacional de Leitura – 2.º Ciclo BEBDPPC6013 6013 82-34 SOA Normal Monografias